000
00210 a2200097 4500
001
14914
100
_a
Beik P.H
245
_a
The French revolutions
260
_a
New York
_b
Macmillan
_c
090
_c
11681
_d
11681
942
_a
NUST-CAE
_c
M
_c
1871
999
_c
249987
_d
249987